000 00571cam a2200217ua 4500
001 1653
005 20260515113352.0
008 110714n ii |||gr||||Z||||||asm
020 _a81-86384-94-4
040 _cMAIN
082 _a333.7
245 1 1 _aAdhunik poribesh adhyoyon
_cby Debendra Nath Bhattacharjee
250 _a1st ed.
260 _aGuwahati:
_bAssam publishing company,
_c2006.
300 _a270p.:5cm.
653 _aEconomics
653 _aPoribesh adhyoyon
653 _aEnvironmental studies
700 1 _aBhattacharjee, Debendra Nath,
942 _cBK
999 _c1539
_d1539